000 00274 a2200097 4500
020 _a9781041038573
100 _aSami Salama Hussen Hajjaj
245 _aThe internet of mechanical things: the IoT framework for mechanical engineers
260 _bCRC Press
_c2025
942 _cOO
999 _c116026
_d116025